[Event "II Open A"]
[Site "Livigno ITA"]
[Date "2011.09.15"]
[Round "6"]
[White "Rotstein, Arkadij"]
[Black "Scalcione, Michelangelo"]
[WhiteElo "2515"]
[BlackElo "2337"]
[Result "1-0"]
[PlyCount "65"]
[EventDate "2011.09.12"]

1. g3 g6 2. Bg2 Bg7 3. e4 c5 4. f4 Nc6 5. d3 e6 6. Nf3 d6 7. O-O Nge7 8. c3 Rb8
9. Be3 b6 10. d4 cxd4 11. Nxd4 Nxd4 12. Bxd4 e5 13. Be3 Be6 14. Qa4+ Qd7 15.
Qxd7+ Kxd7 16. Nd2 f5 17. fxe5 dxe5 18. a4 Rhf8 19. Rf2 Kc7 20. a5 bxa5 21.
Rxa5 Nc6 22. Rc5 f4 23. gxf4 Rxb2 24. f5 Bg8 25. Bf1 Rfb8 26. f6 Bf8 27. f7
Bxc5 28. Bxc5 Bxf7 29. Rxf7+ Kd8 30. Nc4 Rb1 31. Kf2 R8b3 32. Ne3 Rxc3 33. Rf8+
1-0

[Event "II Open A"]
[Site "Livigno ITA"]
[Date "2011.09.15"]
[Round "6"]
[White "Cebalo, Miso"]
[Black "Pacher, Milan"]
[WhiteElo "2478"]
[BlackElo "2403"]
[Result "0-1"]
[PlyCount "78"]
[EventDate "2011.09.12"]

1. c4 e5 2. g3 Nf6 3. Bg2 d5 4. cxd5 Nxd5 5. Nc3 Nb6 6. Nf3 Nc6 7. O-O Be7 8.
a3 O-O 9. b4 Be6 10. Rb1 f6 11. d3 Qe8 12. Ne4 a5 13. Nc5 Ba2 14. Rb2 axb4 15.
Rxa2 Bxc5 16. axb4 Bxf2+ 17. Rxf2 Rxa2 18. Be3 Kh8 19. Bc5 Rg8 20. h3 Qa8 21.
Kh2 Qa4 22. Qc1 Nxb4 23. Bxb4 Qxb4 24. Qxc7 Rc8 25. Qxb7 Qc5 26. d4 exd4 27.
Ne1 Qc7 28. Qe4 Qe5 29. Qg4 Qe3 30. Nd3 Re8 31. Bf3 Nc4 32. Qd7 Nb2 33. Rg2
Nxd3 34. exd3 Rxg2+ 35. Bxg2 Rb8 36. Qa7 Qe5 37. h4 f5 38. Qf7 g6 39. Kh3 Qd6
0-1

[Event "II Open A"]
[Site "Livigno ITA"]
[Date "2011.09.15"]
[Round "6"]
[White "Saptarshi, Roy"]
[Black "Bentivegna, Francesco"]
[WhiteElo "2385"]
[BlackElo "2322"]
[Result "1-0"]
[PlyCount "101"]
[EventDate "2011.09.12"]

1. d4 d5 2. Nc3 e6 3. e4 Nf6 4. Bg5 dxe4 5. Nxe4 Be7 6. Bxf6 gxf6 7. Nf3 f5 8.
Nc3 a6 9. g3 b5 10. Bg2 Bb7 11. O-O O-O 12. Ne5 Bxg2 13. Kxg2 b4 14. Na4 Qd5+
15. Qf3 Rd8 16. Rfd1 Qxf3+ 17. Kxf3 Bf6 18. Nc5 Bxe5 19. dxe5 Nc6 20. Kf4 Nd4
21. Rd2 Rd5 22. c3 bxc3 23. bxc3 Ne2+ 24. Rxe2 Rxc5 25. Kg5 Kg7 26. Rd1 Rxc3
27. Rd7 Re8 28. f4 a5 29. a4 h6+ 30. Kh5 Rc4 31. Rg2 c5 32. g4 Rxf4 33. gxf5+
Kh8 34. f6 Rg8 35. Rxg8+ Kxg8 36. Kxh6 Rh4+ 37. Kg5 Rxh2 38. Rd8+ Kh7 39. Rf8
Rg2+ 40. Kf4 Ra2 41. Rxf7+ Kh6 42. Re7 Rxa4+ 43. Ke3 Ra3+ 44. Ke4 Ra4+ 45. Kd3
Rd4+ 46. Ke3 Rd5 47. Rxe6 c4 48. Ke4 Rc5 49. Kf5 c3 50. Re8 Kh5 51. Rh8# 1-0

[Event "II Open A"]
[Site "Livigno ITA"]
[Date "2011.09.15"]
[Round "6"]
[White "Mazur, Stefan"]
[Black "Xia, Jie"]
[WhiteElo "2372"]
[BlackElo "2249"]
[Result "1-0"]
[PlyCount "99"]
[EventDate "2011.09.12"]

1. e4 Nf6 2. e5 Nd5 3. c4 Nb6 4. d4 d6 5. exd6 cxd6 6. d5 N8d7 7. Nc3 g6 8. Qd4
Nf6 9. Bd3 Bg7 10. Qh4 O-O 11. Nge2 Nbd7 12. O-O a6 13. a4 Qa5 14. Bc2 Ne5 15.
b3 Bg4 16. f3 Bd7 17. Be3 Qc7 18. a5 Qc8 19. Ng3 Nfg4 20. fxg4 Nxg4 21. Bd2
Qc5+ 22. Kh1 f5 23. Nge2 Ne3 24. Bxe3 Qxe3 25. Qg3 Qd2 26. Qd3 Qh6 27. Nd4 Be5
28. Nf3 Bf6 29. Rae1 Rf7 30. Ne2 g5 31. Ng3 f4 32. Ne4 g4 33. Nxf6+ exf6 34.
Ng1 f3 35. Qe3 Qh5 36. Qf4 Rg7 37. g3 Qg5 38. Qxg5 fxg5 39. Nxf3 gxf3 40. Rxf3
Rf8 41. Rxf8+ Kxf8 42. Kg2 Rf7 43. Bd1 g4 44. Rf1 Bf5 45. Rf4 Kg7 46. Bxg4 Bc2
47. Rxf7+ Kxf7 48. b4 Bd3 49. c5 Ke7 50. Kf3 1-0

[Event "II Open A"]
[Site "Livigno ITA"]
[Date "2011.09.15"]
[Round "6"]
[White "Karl, Hans"]
[Black "Bove, Alessandro"]
[WhiteElo "2201"]
[BlackElo "2368"]
[Result "0-1"]
[PlyCount "58"]
[EventDate "2011.09.12"]

1. d4 e6 2. c4 b6 3. Nc3 Bb7 4. Bf4 Bb4 5. e3 Bxc3+ 6. bxc3 Nf6 7. h3 d6 8. Nf3
Nbd7 9. Be2 Qe7 10. Qa4 a6 11. O-O Ne4 12. Qa3 g5 13. Bh2 h5 14. Bd3 g4 15.
Bxe4 Bxe4 16. Nd2 Bd3 17. Rfe1 gxh3 18. gxh3 Qh4 19. Kg2 Be4+ 20. Nxe4 Qxe4+
21. Kf1 Rg8 22. Ke2 Qc2+ 23. Kf3 Qf5+ 24. Ke2 Rg2 25. Bg3 h4 26. Bxh4 Qh5+ 27.
Kf1 Rh2 28. Bg3 Qxh3+ 29. Ke2 Qxg3 0-1

[Event "II Open A"]
[Site "Livigno ITA"]
[Date "2011.09.15"]
[Round "6"]
[White "Bossi, Alessandro"]
[Black "Palit, Somak"]
[WhiteElo "2019"]
[BlackElo "2363"]
[Result "0-1"]
[PlyCount "74"]
[EventDate "2011.09.12"]

1. Nf3 Nf6 2. c4 g6 3. b4 Bg7 4. Bb2 d5 5. cxd5 Qxd5 6. Nc3 Qd8 7. g3 O-O 8.
Bg2 Nd5 9. Qb3 Nb6 10. d3 a5 11. a3 Be6 12. Qd1 Nd5 13. Qc1 axb4 14. axb4 Rxa1
15. Qxa1 Nxb4 16. O-O N8c6 17. Nb5 Bxb2 18. Qxb2 Na6 19. Rd1 Na5 20. Nfd4 Bc8
21. Ra1 b6 22. Na7 Bd7 23. Nac6 Bxc6 24. Nxc6 Nxc6 25. Bxc6 Qd6 26. Bg2 Nc5 27.
d4 Ne6 28. e3 c5 29. d5 Nc7 30. e4 e5 31. f4 f6 32. Rf1 c4 33. Bh3 b5 34. Be6+
Nxe6 35. dxe6 Qd4+ 36. Rf2 Qxb2 37. Rxb2 Rb8 0-1

[Event "II Open A"]
[Site "Livigno ITA"]
[Date "2011.09.15"]
[Round "6"]
[White "Brunello, Marina"]
[Black "Arnetta, Maria Teresa"]
[WhiteElo "2215"]
[BlackElo "2017"]
[Result "1-0"]
[PlyCount "51"]
[EventDate "2011.09.12"]

1. e4 e6 2. d4 d5 3. Nd2 h6 4. Bd3 c5 5. c3 Nc6 6. Ngf3 Nf6 7. O-O cxd4 8. cxd4
Qb6 9. exd5 Nxd5 10. Nc4 Qd8 11. Be3 Be7 12. Rc1 O-O 13. Nce5 Nxe5 14. Nxe5 Bg5
15. Qf3 Qf6 16. Qh3 Bf4 17. Rce1 Qe7 18. Qf3 Qf6 19. Ng4 Qg5 20. h4 Qxh4 21. g3
Qh3 22. Bxf4 e5 23. Nxe5 g5 24. Qxd5 gxf4 25. Qe4 f5 26. Qxf4 1-0

[Event "II Open A"]
[Site "Livigno ITA"]
[Date "2011.09.15"]
[Round "6"]
[White "Reverby, Miro"]
[Black "Bosschem, Tim"]
[WhiteElo "2153"]
[BlackElo "2068"]
[Result "1/2-1/2"]
[PlyCount "147"]
[EventDate "2011.09.12"]

1. e4 c5 2. c3 Nf6 3. e5 Nd5 4. d4 cxd4 5. Nf3 e6 6. cxd4 d6 7. a3 Nc6 8. Bd3
Qc7 9. O-O dxe5 10. dxe5 g6 11. b4 Bg7 12. Bb2 O-O 13. Re1 Rd8 14. Qc2 Qe7 15.
Be4 Bd7 16. Nc3 Nxc3 17. Qxc3 Rac8 18. Qe3 a6 19. h4 h6 20. h5 g5 21. Bb1 Be8
22. Nh2 f5 23. exf6 Bxf6 24. Bxf6 Qxf6 25. Ng4 Qxa1 26. Bh7+ Kxh7 27. Rxa1 Bxh5
28. Nf6+ Kg6 29. Nxh5 Kxh5 30. Qh3+ Kg6 31. Qxe6+ Kg7 32. Re1 Rc7 33. Qh3 Nd4
34. f4 Rd5 35. Qh5 Rf5 36. Qe8 Rcf7 37. Re7 Nc6 38. Rxf7+ Rxf7 39. fxg5 hxg5
40. Qe3 Kf6 41. Qf3+ Ke6 42. Qe4+ Ne5 43. a4 g4 44. Kh2 Kd6 45. Kg3 Ke6 46. Qc2
Kd6 47. Qc5+ Ke6 48. Qb6+ Kd5 49. Qd8+ Ke6 50. Qd4 Rd7 51. Qb6+ Kf5 52. Qf2+
Ke4 53. Qf4+ Kd5 54. Qg5 Rf7 55. Qd2+ Ke4 56. Qc2+ Kd5 57. Kh4 Ke6 58. Kg5 Kd5
59. Qb3+ Kd4 60. Qb2+ Kd5 61. Qa2+ Kd4 62. b5 62... Ke3 {illegal move Kd5} 63.
Qc2 axb5 64. axb5 Kd4 65. Qd1+ Ke4 66. Qd8 Rf5+ 67. Kh4 Rf7 68. Kg3 Rd7 69. Qc8
Rf7 70. Qc5 Rd7 71. Kh4 Rf7 72. b6 Rd7 73. Qb4+ Kd5 74. Qe4+ 1/2-1/2

[Event "II Open A"]
[Site "Livigno ITA"]
[Date "2011.09.15"]
[Round "6"]
[White "Andersson, Thorbjorn"]
[Black "Kock, Hans-Uwe"]
[WhiteElo "2055"]
[BlackElo "2117"]
[Result "1/2-1/2"]
[PlyCount "130"]
[EventDate "2011.09.12"]

1. e4 c6 2. d4 d5 3. Nc3 g6 4. exd5 cxd5 5. Nf3 Nc6 6. Bf4 Bg4 7. Be2 Nf6 8. h3
Bxf3 9. Bxf3 Bg7 10. Qd2 O-O 11. O-O-O Rc8 12. Kb1 e6 13. g4 Na5 14. Qd3 Nc4
15. Bc1 a6 16. h4 Nd7 17. h5 Re8 18. hxg6 fxg6 19. b3 Nd6 20. Nxd5 exd5 21.
Bxd5+ Nf7 22. Rxh7 Nf8 23. Bxf7+ Kxf7 24. Rh3 Re6 25. f4 Qd5 26. f5 gxf5 27.
Rf3 Kg8 28. gxf5 Rd6 29. Rg3 Rf6 30. Rdg1 Rc7 31. Rf3 Rcf7 32. Rgf1 Nh7 33. c4
Qd7 34. d5 Qd6 35. Bb2 Re7 36. Rg1 Rff7 37. Rg6 Nf6 38. Rfg3 Kf8 39. a4 b5 40.
Ka2 b4 41. Qd2 a5 42. Qg5 Ke8 43. Re3 Rxe3 44. Qxe3+ Re7 45. Qg1 Bh8 46. Rh6
Bg7 47. Rg6 Bh8 48. Rg8+ Nxg8 49. Qxg8+ Kd7 50. Qxh8 Re2 51. Qg7+ Kc8 52. Qd4
Qg3 53. Qc5+ Kd7 54. Qb5+ Ke7 55. f6+ Kf8 56. Qc5+ Kg8 57. Qc8+ Kf7 58. Qd7+
Kf8 59. Qg7+ Qxg7 60. fxg7+ Kf7 61. c5 Rg2 62. Kb1 Rg5 63. c6 Rxd5 64. c7 Rc5
65. Be5 Rc6 1/2-1/2

[Event "II Open A"]
[Site "Livigno ITA"]
[Date "2011.09.15"]
[Round "6"]
[White "Veznik, Michael"]
[Black "Zamengo, Fulvio"]
[WhiteElo "1830"]
[BlackElo "2002"]
[Result "1-0"]
[PlyCount "95"]
[EventDate "2011.09.12"]

1. e4 e6 2. Qe2 c5 3. g3 g6 4. f4 Bg7 5. Bg2 Ne7 6. Nf3 d6 7. c3 Nbc6 8. d3 Rb8
9. O-O b5 10. Be3 O-O 11. d4 cxd4 12. cxd4 d5 13. e5 Qb6 14. Rd1 b4 15. Bf1 a5
16. g4 Bd7 17. Nbd2 a4 18. Rdc1 Rfc8 19. Ne1 Na5 20. Nd3 Bb5 21. Qf3 Bxd3 22.
Bxd3 b3 23. a3 Rxc1+ 24. Rxc1 Rc8 25. Qf1 Rxc1 26. Qxc1 Nec6 27. Qc5 Qb8 28.
Qb5 Qd8 29. g5 h6 30. h4 hxg5 31. hxg5 Bf8 32. Qxa4 Qb6 33. Qb5 Qa7 34. Qa4 Qb6
35. Kf2 Kg7 36. Bb5 Nc4 37. Bxc6 Bxa3 38. Nxc4 dxc4 39. Qxc4 Bxb2 40. Ba4 Qa7
41. Bxb3 Qa1 42. d5 Qh1 43. Ke2 Qg2+ 44. Kd1 Qf3+ 45. Kd2 Qg2+ 46. Kd3 Qf1+ 47.
Kc2 Qg2+ 48. Bd2 1-0

[Event "II Open A"]
[Site "Livigno ITA"]
[Date "2011.09.16"]
[Round "7"]
[White "Solodovnichenko, Yuri"]
[Black "Michalik, Peter"]
[WhiteElo "2622"]
[BlackElo "2511"]
[Result "1-0"]
[PlyCount "81"]
[EventDate "2011.09.12"]

1. e4 c6 2. d4 d5 3. exd5 cxd5 4. c4 Nf6 5. Nc3 Nc6 6. Bg5 dxc4 7. Bxc4 h6 8.
Bf4 e6 9. Nf3 Be7 10. O-O O-O 11. Re1 Nb4 12. Ne5 Nfd5 13. Bd2 Nc6 14. Rc1 Nxc3
15. bxc3 Bg5 16. Bxg5 Qxg5 17. Nxc6 bxc6 18. Re5 Qe7 19. Rb1 Bd7 20. Ra5 Qd8
21. Rc5 Rb8 22. Rb3 Rb6 23. Ra3 Qb8 24. Bd3 Re8 25. g3 Rb7 26. Qe2 Re7 27. Kg2
Be8 28. Qe3 Rbd7 29. Rb3 Rb7 30. Bc2 Rb5 31. Qd3 g6 32. Qe3 Kg7 33. h4 Reb7 34.
h5 Rxc5 35. dxc5 Rxb3 36. axb3 gxh5 37. Qd4+ f6 38. Qe4 Bf7 39. Qh7+ Kf8 40.
Qh8+ Bg8 41. Qxf6+ 1-0

[Event "II Open A"]
[Site "Livigno ITA"]
[Date "2011.09.16"]
[Round "7"]
[White "Hunt, Adam C."]
[Black "Svetushkin, Dmitry"]
[WhiteElo "2437"]
[BlackElo "2594"]
[Result "0-1"]
[PlyCount "108"]
[EventDate "2011.09.12"]

1. e4 e5 2. Nf3 Nc6 3. Bb5 a6 4. Ba4 Nge7 5. c3 g6 6. d4 exd4 7. cxd4 b5 8. Bb3
Bg7 9. O-O O-O 10. Nc3 d6 11. h3 Na5 12. Bc2 Bb7 13. Bf4 Nc4 14. b3 Na3 15. Bd3
c5 16. Qd2 Re8 17. dxc5 dxc5 18. Rac1 c4 19. bxc4 bxc4 20. Be2 Nb5 21. Qxd8
Raxd8 22. Be5 Bh6 23. Rcd1 Rc8 24. Na4 Bxe4 25. Nb6 Rc6 26. Nxc4 Bxf3 27. gxf3
Nf5 28. a4 Na3 29. Nxa3 Rxe5 30. Bd3 Nh4 31. Be4 Rc3 32. Rd3 Rxd3 33. Bxd3
Nxf3+ 34. Kh1 Ra5 35. Bc2 Nd4 36. Bd1 Rc5 37. Kg2 Rc1 38. Bg4 f5 39. Rd1 fxg4
40. Rxd4 gxh3+ 41. Kh2 Rc3 42. Nc4 Rf3 43. Rd8+ Kg7 44. Rd7+ Kf8 45. Rxh7 Bf4+
46. Kg1 Kg8 47. Rh4 g5 48. Rh5 Kg7 49. a5 Kg6 50. Rh8 Rc3 51. Ne3 Bxe3 52. fxe3
g4 53. Ra8 Kg5 54. Rxa6 g3 0-1

[Event "II Open A"]
[Site "Livigno ITA"]
[Date "2011.09.16"]
[Round "7"]
[White "Brunello, Sabino"]
[Black "Narayanan, Srinath"]
[WhiteElo "2569"]
[BlackElo "2336"]
[Result "0-1"]
[PlyCount "60"]
[EventDate "2011.09.12"]

1. d4 Nf6 2. c4 e6 3. g3 c5 4. Nf3 cxd4 5. Nxd4 Bb4+ 6. Bd2 Be7 7. Bg2 Nc6 8.
Bc3 O-O 9. O-O d5 10. Nd2 Bd7 11. N4b3 Rc8 12. e4 Nxe4 13. Nxe4 dxe4 14. Bxe4
Qc7 15. Qe2 b6 16. Rac1 Rfd8 17. Qh5 f5 18. Bg2 Nb4 19. Bxb4 Bxb4 20. Qe2 e5
21. Bd5+ Kh8 22. Rfd1 Bf8 23. Qh5 Bd6 24. Rc2 a5 25. Bf7 h6 26. Qg6 Bb4 27. Nd2
Ba4 28. b3 Rd6 29. Qxf5 Rf8 30. bxa4 Rxf7 0-1

[Event "II Open A"]
[Site "Livigno ITA"]
[Date "2011.09.16"]
[Round "7"]
[White "Petkov, Vladimir"]
[Black "Polak, Tomas"]
[WhiteElo "2511"]
[BlackElo "2543"]
[Result "1-0"]
[PlyCount "65"]
[EventDate "2011.09.12"]

1. d4 Nf6 2. c4 c5 3. d5 b5 4. cxb5 a6 5. b6 d6 6. Nc3 Nbd7 7. e4 g6 8. a4 Qxb6
9. Nf3 Bg7 10. Nd2 Qb4 11. Be2 Ne5 12. O-O g5 13. Ra3 Bd7 14. Qc2 h6 15. Nd1
O-O 16. Ne3 e6 17. Ndc4 Nxc4 18. Nxc4 exd5 19. exd5 Nxd5 20. Nxd6 Nf4 21. Bc4
Ne6 22. Qf5 Nd4 23. Bxf7+ Kh8 24. Qxd7 Rad8 25. Qc7 Ne2+ 26. Kh1 Nxc1 27. Rf3
Qxb2 28. Bc4 Qd4 29. Nf7+ Rxf7 30. Qxf7 Rf8 31. Qe6 Rd8 32. h3 Qb2 33. Qe7 1-0

[Event "II Open A"]
[Site "Livigno ITA"]
[Date "2011.09.16"]
[Round "7"]
[White "Bruno, Fabio"]
[Black "Kilpatrick, Callum"]
[WhiteElo "2431"]
[BlackElo "2256"]
[Result "1/2-1/2"]
[PlyCount "121"]
[EventDate "2011.09.12"]

1. d4 Nf6 2. Nf3 g6 3. c3 Bg7 4. Bg5 d6 5. Nbd2 Nbd7 6. e4 h6 7. Bh4 e5 8. dxe5
dxe5 9. Bc4 O-O 10. O-O Qe8 11. a4 a5 12. Re1 Nh5 13. Qc2 Nb6 14. Bb5 Bd7 15.
Qb3 Nf4 16. Nc4 Nxc4 17. Bxc4 b6 18. Nd2 Be6 19. Bxe6 Qxe6 20. Qxe6 Nxe6 21.
Nc4 f6 22. f3 Rfd8 23. Kf1 Kf7 24. Red1 Bf8 25. Rd5 Be7 26. Rad1 h5 27. Bf2 Ke8
28. g3 Nc5 29. Bxc5 Bxc5 30. Ke2 Be7 31. h3 Kf7 32. f4 exf4 33. gxf4 Rxd5 34.
exd5 Re8 35. Kf3 Bc5 36. d6 cxd6 37. Nxd6+ Bxd6 38. Rxd6 Re6 39. Rd7+ Kf8 40.
Rb7 f5 41. Kg3 Re4 42. Rxb6 Rxa4 43. Rxg6 h4+ 44. Kf3 Kf7 45. Rb6 Ra1 46. Ra6
Ra2 47. Ke3 Rxb2 48. Rxa5 Rh2 49. Rxf5+ Ke6 50. Rh5 Rxh3+ 51. Kd4 Rh1 52. Kc5
h3 53. c4 h2 54. Re5+ Kf6 55. Re2 Kf5 56. Rf2 Ke6 57. Rb2 Kf5 58. Kb6 Rc1 59.
Rxh2 Rxc4 60. Rh5+ Kg4 61. Rc5 1/2-1/2

[Event "II Open A"]
[Site "Livigno ITA"]
[Date "2011.09.16"]
[Round "7"]
[White "Timoshenko, Georgy"]
[Black "Rotstein, Arkadij"]
[WhiteElo "2572"]
[BlackElo "2515"]
[Result "1-0"]
[PlyCount "77"]
[EventDate "2011.09.12"]

1. e4 c5 2. Nf3 Nc6 3. d4 cxd4 4. Nxd4 Qb6 5. Nb3 Nf6 6. Nc3 e6 7. Bd3 a6 8.
O-O d6 9. Kh1 Be7 10. Qe2 O-O 11. f4 Qc7 12. a3 b5 13. Bd2 Bb7 14. Rae1 Nd7 15.
Qh5 Rfe8 16. Qh3 g6 17. f5 Bf6 18. Be2 Nce5 19. Rf2 exf5 20. exf5 Qd8 21. Rd1
Nc4 22. Bc1 Bg7 23. Bf3 Bxf3 24. Qxf3 Nde5 25. Qg3 Bf6 26. Rff1 Bh4 27. Qf4 g5
28. Qd4 g4 29. Qf4 f6 30. Qh6 Bg5 31. Bxg5 fxg5 32. Ne4 Rf8 33. Nd4 Qe7 34. f6
Qf7 35. Nf5 Ra7 36. b3 Nxa3 37. Qxg5+ Kh8 38. Nfxd6 Qe6 39. Nc5 1-0

[Event "II Open A"]
[Site "Livigno ITA"]
[Date "2011.09.16"]
[Round "7"]
[White "Godena, Michele"]
[Black "Mazur, Stefan"]
[WhiteElo "2527"]
[BlackElo "2372"]
[Result "1-0"]
[PlyCount "65"]
[EventDate "2011.09.12"]

1. e4 e5 2. Nf3 Nc6 3. Bb5 a6 4. Bxc6 dxc6 5. O-O Ne7 6. Nxe5 Qd4 7. Qh5 g6 8.
Nf3 Qxe4 9. Nc3 Qf5 10. Qh4 Bg7 11. Re1 Be6 12. d3 Qg4 13. Qg5 h6 14. Qc5 b6
15. Qa3 c5 16. d4 O-O 17. Re4 Qf5 18. Rf4 Qh5 19. Rh4 Qf5 20. Bxh6 Bxh6 21.
Rxh6 Qxc2 22. dxc5 Nf5 23. Rh3 Rad8 24. cxb6 cxb6 25. Ng5 Rfe8 26. b3 Nd4 27.
Re3 Bf5 28. Rxe8+ Rxe8 29. Nd5 Re5 30. Qd6 Ne2+ 31. Kh1 Nc1 32. Qd8+ Kg7 33.
Qf6+ 1-0

[Event "II Open A"]
[Site "Livigno ITA"]
[Date "2011.09.16"]
[Round "7"]
[White "Janev, Evgeni"]
[Black "Saptarshi, Roy"]
[WhiteElo "2511"]
[BlackElo "2385"]
[Result "1-0"]
[PlyCount "83"]
[EventDate "2011.09.12"]

1. e4 e5 2. Nf3 Nc6 3. Bb5 Nge7 4. d3 g6 5. h4 h5 6. Nc3 Bg7 7. Bg5 a6 8. Bc4
b5 9. Bb3 f6 10. Be3 d6 11. a3 Bg4 12. Qd2 Qd7 13. Nh2 Be6 14. Nd5 f5 15. Nxe7
Nxe7 16. Bxe6 Qxe6 17. Qc3 f4 18. Bxf4 c5 19. Be3 O-O 20. Qd2 Rac8 21. g4 c4
22. gxh5 cxd3 23. Qxd3 d5 24. h6 dxe4 25. Qe2 Bh8 26. h5 Kh7 27. Rg1 gxh5 28.
c3 Qh3 29. Nf1 Nd5 30. Ng3 Qg4 31. Qxg4 hxg4 32. Nxe4 Nxe3 33. fxe3 Rg8 34. Rd1
Rc6 35. Nd6 Kxh6 36. Nf5+ Kg5 37. Ne7 Rgg6 38. Rd2 Rge6 39. Nxc6 Rxc6 40. Rdg2
Rc4 41. Kd2 Kf5 42. b3 1-0

[Event "II Open A"]
[Site "Livigno ITA"]
[Date "2011.09.16"]
[Round "7"]
[White "Bove, Alessandro"]
[Black "Sveshnikov, Evgeny E."]
[WhiteElo "2368"]
[BlackElo "2504"]
[Result "1-0"]
[PlyCount "75"]
[EventDate "2011.09.12"]

1. d4 d5 2. c4 e6 3. Nc3 c6 4. e4 dxe4 5. Nxe4 Bb4+ 6. Bd2 Qxd4 7. Bxb4 Qxe4+
8. Be2 Na6 9. Bd6 Qxg2 10. Qd2 Nf6 11. Bf3 Qg6 12. O-O-O Bd7 13. Ne2 Ne4 14.
Bxe4 Qxe4 15. Nc3 Qh4 16. Bg3 Qe7 17. Ne4 e5 18. Rhe1 f6 19. f4 Bg4 20. fxe5
O-O 21. exf6 Qf7 22. fxg7 Qxg7 23. Rg1 Bxd1 24. Qxd1 Rfe8 25. Bh4 Rxe4 26. Bf6
Rxc4+ 27. Kb1 Qxg1 28. Qxg1+ Kf7 29. Qg7+ Ke6 30. Qe7+ Kf5 31. Qf7 b5 32. Bc3+
Kg4 33. Qb7 Rg8 34. Qd7+ Kg5 35. Qe7+ Kh6 36. Bd2+ Kg6 37. Qe6+ Kg7 38. Bh6+
1-0

[Event "II Open A"]
[Site "Livigno ITA"]
[Date "2011.09.16"]
[Round "7"]
[White "Suvrajit, Saha"]
[Black "Molina, Fabrizio"]
[WhiteElo "2384"]
[BlackElo "2258"]
[Result "1/2-1/2"]
[PlyCount "61"]
[EventDate "2011.09.12"]

1. Nf3 Nf6 2. c4 c6 3. d4 d5 4. e3 Bg4 5. Nc3 e6 6. h3 Bxf3 7. Qxf3 Nbd7 8.
cxd5 cxd5 9. Bd3 Bb4 10. Bd2 O-O 11. a3 Be7 12. O-O e5 13. Nxd5 Nxd5 14. Qxd5
Nc5 15. Qc4 exd4 16. exd4 Nxd3 17. Qxd3 Bf6 18. d5 Bxb2 19. Rab1 Qf6 20. Qb3
Bd4 21. Qxb7 Rad8 22. Ba5 Rd6 23. Bb4 Rb6 24. Qd7 Rd8 25. Rbe1 Rbb8 26. Qa4 h6
27. Re4 Rxd5 28. Re8+ Rxe8 29. Qxe8+ Kh7 30. Qe4+ Qf5 31. Qxf5+ 1/2-1/2

[Event "II Open A"]
[Site "Livigno ITA"]
[Date "2011.09.16"]
[Round "7"]
[White "Braga, Fernando Alberto"]
[Black "Cebalo, Miso"]
[WhiteElo "2438"]
[BlackElo "2478"]
[Result "1-0"]
[PlyCount "65"]
[EventDate "2011.09.12"]

1. Nf3 c5 2. c4 Nc6 3. Nc3 g6 4. e3 Bg7 5. d4 Nf6 6. dxc5 Qa5 7. Bd2 Qxc5 8.
Rc1 O-O 9. a3 d6 10. h3 Qb6 11. Be2 Bf5 12. b4 Ne4 13. O-O Rac8 14. Nxe4 Bxe4
15. Bc3 Bxc3 16. Rxc3 a5 17. c5 dxc5 18. bxc5 Qc7 19. Qa4 Bxf3 20. Bxf3 Rfd8
21. Rb1 Rd2 22. Rc2 Rcd8 23. Rxd2 Rxd2 24. Qb5 Ne5 25. Bxb7 Rc2 26. f4 Nd7 27.
c6 Nf6 28. Rd1 Rc3 29. Qe5 Qxe5 30. fxe5 Ne8 31. Rd8 Kf8 32. Bc8 Rxc6 33. Bd7
1-0

[Event "II Open A"]
[Site "Livigno ITA"]
[Date "2011.09.16"]
[Round "7"]
[White "Sveshnikov, Vladimir"]
[Black "Brunello, Marina"]
[WhiteElo "2412"]
[BlackElo "2215"]
[Result "1-0"]
[PlyCount "87"]
[EventDate "2011.09.12"]

1. d4 Nf6 2. c4 e6 3. Nc3 d5 4. cxd5 exd5 5. Bg5 Be7 6. e3 Nbd7 7. Bd3 O-O 8.
Qc2 Re8 9. Nge2 Nf8 10. O-O Be6 11. Na4 c6 12. Nc5 Qc8 13. b4 h6 14. Bf4 a6 15.
Rfc1 Rd8 16. a4 Ne8 17. b5 axb5 18. axb5 Rxa1 19. Rxa1 cxb5 20. Bxb5 Nd6 21.
Bd3 b6 22. Nxe6 Qxc2 23. Bxc2 fxe6 24. Rb1 Rb8 25. Bd3 Rb7 26. Ba6 Ra7 27. Bxd6
Bxd6 28. Rxb6 Bc7 29. Rc6 Kf7 30. Nc3 Bd8 31. Nb5 Ra8 32. g3 Rb8 33. Nd6+ Kg8
34. Nb7 Be7 35. h4 Kf7 36. Rc7 Kf6 37. Kg2 Ra8 38. Bb5 Ra7 39. Be8 Ra8 40. Bc6
Ra2 41. Nc5 Ra3 42. h5 Rc3 43. Be8 Ra3 44. e4 1-0

[Event "II Open A"]
[Site "Livigno ITA"]
[Date "2011.09.16"]
[Round "7"]
[White "Arnetta, Maria Teresa"]
[Black "Veznik, Michael"]
[WhiteElo "2017"]
[BlackElo "1830"]
[Result "1-0"]
[PlyCount "61"]
[EventDate "2011.09.12"]

1. e4 c5 2. c3 d5 3. exd5 Qxd5 4. d4 Nc6 5. Nf3 Bg4 6. Be2 Nf6 7. h3 Bh5 8. O-O
cxd4 9. cxd4 e6 10. Nc3 Qa5 11. Qb3 O-O-O 12. Be3 Qb4 13. Qc2 Bxf3 14. Bxf3
Nxd4 15. Bxd4 Rxd4 16. Rac1 Rc4 17. a3 Qa5 18. Bxb7+ Kxb7 19. Qb3+ Rb4 20. axb4
Qxb4 21. Qd1 Be7 22. Qf3+ Kb8 23. Na2 Qb7 24. Qe2 Nd5 25. Rfd1 Bf6 26. Qf3 Rc8
27. Rxc8+ Kxc8 28. Rc1+ Kd8 29. Qa3 Ke8 30. Nc3 Nf4 31. Qa4+ 1-0

[Event "II Open A"]
[Site "Livigno ITA"]
[Date "2011.09.16"]
[Round "7"]
[White "Kock, Hans-Uwe"]
[Black "Zamengo, Fulvio"]
[WhiteElo "2117"]
[BlackElo "2002"]
[Result "0-1"]
[PlyCount "52"]
[EventDate "2011.09.12"]

1. d4 Nf6 2. c4 c5 3. d5 b5 4. Nf3 e6 5. Bg5 exd5 6. cxd5 d6 7. g3 Be7 8. Bg2
Bb7 9. Nh4 O-O 10. O-O Re8 11. Nf5 Bf8 12. Qc2 h6 13. Bxf6 Qxf6 14. e4 g6 15.
Ne3 Bg7 16. Nc3 a6 17. Rab1 Nd7 18. Ne2 Qe7 19. Rfe1 c4 20. Rbd1 Nc5 21. Nc1
Rac8 22. f3 Qf6 23. e5 Qxe5 24. Nxc4 Qxe1+ 25. Rxe1 Rxe1+ 26. Kf2 Rxc1 0-1

[Event "II Open A"]
[Site "Livigno ITA"]
[Date "2011.09.17"]
[Round "8"]
[White "Narayanan, Srinath"]
[Black "Solodovnichenko, Yuri"]
[WhiteElo "2336"]
[BlackElo "2622"]
[Result "1-0"]
[PlyCount "127"]
[EventDate "2011.09.12"]

1. e4 d6 2. d4 g6 3. Nc3 a6 4. a4 Bg7 5. f4 Nf6 6. Nf3 O-O 7. Bd3 Nc6 8. e5
dxe5 9. dxe5 Nd5 10. Nxd5 Qxd5 11. Qe2 Bg4 12. Be4 Qd7 13. Be3 Nd4 14. Bxd4
Bxf3 15. Qxf3 Qxd4 16. c3 Qb6 17. Qf2 Qb3 18. O-O c6 19. Bb1 Kh8 20. Ba2 Qxa4
21. Bxf7 Qb5 22. e6 Rad8 23. Rad1 Rd5 24. Qh4 Bf6 25. Qh6 Bg7 26. Qh4 Qc5+ 27.
Kh1 Rh5 28. b4 Rxh4 29. bxc5 Rb8 30. Rd7 Bf6 31. g3 Rh5 32. g4 Rxc5 33. g5 Kg7
34. gxf6+ Kxf6 35. Rf3 a5 36. Rh3 a4 37. Rxh7 a3 38. Rh6 a2 39. Rxg6+ Kf5 40.
Rd1 Rxc3 41. Rg5+ Kxf4 42. Ra5 Rc2 43. Bg6 Rb2 44. Re1 b5 45. h4 Rd8 46. Re4+
Kf3 47. Ra3+ Kf2 48. Rf4+ Ke2 49. Kg2 Kd1+ 50. Kg1 b4 51. Rf1+ Kd2 52. Rf2+ Kc1
53. Rxa2 Rxa2 54. Rxa2 b3 55. Ra1+ Kd2 56. Ra7 Rg8 57. h5 b2 58. Rb7 Kc1 59.
Kf2 c5 60. Ke3 Rf8 61. Rc7 Rf6 62. Rxc5+ Kd1 63. Bc2+ Ke1 64. Rd5 1-0

[Event "II Open A"]
[Site "Livigno ITA"]
[Date "2011.09.17"]
[Round "8"]
[White "Michalik, Peter"]
[Black "Olszewski, Michal"]
[WhiteElo "2511"]
[BlackElo "2534"]
[Result "1-0"]
[PlyCount "103"]
[EventDate "2011.09.12"]

1. d4 Nf6 2. c4 e6 3. g3 c5 4. d5 exd5 5. cxd5 d6 6. Nc3 g6 7. Bg2 Bg7 8. Nf3
O-O 9. O-O Re8 10. Bf4 a6 11. a4 b6 12. Re1 Nh5 13. Bg5 Qc7 14. e4 h6 15. Be3
Nd7 16. h3 Qb8 17. Qd2 Kh7 18. g4 Nhf6 19. Rab1 h5 20. Qe2 hxg4 21. hxg4 Kg8
22. g5 Nh5 23. Nh2 f6 24. Bf3 fxg5 25. Bxh5 gxh5 26. Qxh5 Nf6 27. Qxg5 Re5 28.
Qg6 Qc7 29. Bg5 Qf7 30. Qxf7+ Kxf7 31. f4 Re8 32. e5 dxe5 33. fxe5 Nh5 34. e6+
Kg6 35. Nf3 Bb7 36. Rbd1 Rf8 37. Kg2 Bxc3 38. bxc3 Rxf3 39. Kxf3 Rf8+ 40. Kg4
Rf5 41. Bh4 Bxd5 42. e7 Ng7 43. Re3 Ne8 44. Rb1 b5 45. axb5 axb5 46. Rxb5 Rf1
47. Rxc5 Rd1 48. Rc8 Kf7 49. Rd8 Rg1+ 50. Rg3 Be6+ 51. Kf4 Rh1 52. Rf3 1-0